000 00731cam a22002533a 4500
001 19042
003 PGUSA
005 20140828083414.0
008 060814s2006||||xxu|||||s|||||000 | eng d
040 _aPGUSA
_beng
042 _adc
050 4 _aE011
050 4 _aF1401
100 1 _aTozzer, Alfred M.
_q(Alfred Marston),
_d1877-1954
245 1 0 _aAnimal Figures in the Maya Codices
_h[electronic resource] /
_cAlfred M. Tozzer
260 _bProject Gutenberg,
_c2006
506 _aPublic domain in the USA.
516 _aElectronic text
653 _aMayan languages -- Writing
653 _aMayas -- Antiquities
830 0 _aProject Gutenberg
_v19042
856 4 0 _uhttp://www.gutenberg.org/ebooks/19042
942 _cEB
999 _c248297
_d248297